000 01165nam a2200181Ia 4500
008 151202s9999||||xx |||||||||||||| ||und||
082 _bPNVM-70136
100 _aविद्यासागर पंडित.
245 _aमहाराष्ट्र चरित्र ग्रंथमाला संच ( वनस्पतीशास्त्रज्ञ शंकर पुरुषोत्तम आघारकर ).
260 _b"श्री गंधर्व - वेद प्रकाशन, पुणे."
260 _c70136
300 _a135
600 _aविद्यासागर पंडित.
630 _aमहाराष्ट्र चरित्र ग्रंथमाला संच ( वनस्पतीशास्त्रज्ञ शंकर पुरुषोत्तम आघारकर ).
700 _aविद्यासागर पंडित.
730 _aमहाराष्ट्र चरित्र ग्रंथमाला संच ( वनस्पतीशास्त्रज्ञ शंकर पुरुषोत्तम आघारकर ).
942 _cBOOK
999 _c1336646
_d1336643